Plats avec de la Moutarde - Mort Subite - Statistiques

Statistiques générales
  • Ce quiz a été pris 100 fois
  • Le résultat moyen est 3 sur 16
Answers on the Grid
Answers color-coded by a green-red scale on the quiz's grid according to % correct below.
Poulet moutarde et miel
Salade César
Pomfret shorshe
Gat-kimchi
Münchner schnitzel
Sandwich de Nuremberg / Drei im Weggla
Kartoffelsalat
Takana chāhan
Carré d'agneau à la provençale
Hot-dog de Chicago
Sandwich cubain
Smoked meat de Montréal
Pastrami on rye
Lentilles à la dijonnaise
Bœuf Stroganov
Poulet Gaston Gérard
Poulet au Marsala
Club sandwich
Osso buco
Fårikål
Blanquette de veau
Salade liégeoise
Salade lyonnaise
Bifteck à la florentine
Mettbrötchen
Philly cheesesteak
Broufade
Bucatini all'amatriciana
 
Statistiques - réponses
Réponse % Correct
Poulet moutarde et miel
67%
Hot-dog de Chicago
56%
Lentilles à la dijonnaise
50%
Sandwich de Nuremberg / Drei im Weggla
24%
Poulet Gaston Gérard
21%
Sandwich cubain
19%
Salade César
18%
Pastrami on rye
15%
Carré d'agneau à la provençale
14%
Kartoffelsalat
14%
Bœuf Stroganov
10%
Smoked meat de Montréal
7%
Münchner schnitzel
6%
Gat-kimchi
3%
Takana chāhan
1%
Pomfret shorshe
0%
Aucun quiz correspondant
Distribution des résultats
% des personnes avec chaque résultat
Percentile par nombre de réponses
Votre historique - résultats
Vous n’avez pas pris ce quiz